Total Quality Management (Record no. 3537)

MARC details
000 -LEADER
fixed length control field 00352nam a22001577a 4500
005 - DATE AND TIME OF LATEST TRANSACTION
control field 20160622115510.0
008 - FIXED-LENGTH DATA ELEMENTS--GENERAL INFORMATION
fixed length control field 160622b xxu||||| |||| 00| 0 eng d
041 ## - LANGUAGE CODE
Language code of text/sound track or separate title eng
082 ## - DEWEY DECIMAL CLASSIFICATION NUMBER
Item number 8989
100 ## - MAIN ENTRY--AUTHOR NAME
Personal name Bhat, K Sridhar
245 ## - TITLE STATEMENT
Title Total Quality Management
260 ## - PUBLICATION, DISTRIBUTION, ETC. (IMPRINT)
Name of publisher HPH
Year of publication 2007
300 ## - PHYSICAL DESCRIPTION
Number of Pages 748
650 ## - SUBJECT ADDED ENTRY--TOPICAL TERM
Topical Term Management
942 ## - ADDED ENTRY ELEMENTS (KOHA)
Koha item type Books
Holdings
Lost status Damaged status Home library Current library Shelving location Date acquired Cost, normal purchase price Full call number Accession Number Koha item type
    JRU Library   Shelf - 26- B 22/06/2016 340.00 8989 8989 Books